MARC

Tag First Indicator Second Indicator Subfields
LEADER 00000cam a2200000 a 4500
001 in00001615721
005 20151023055059.0
008 930430s1994 nyu bd 000 0deng
010 |a  93017979  
020 |a 079102203X 
020 |a 0791022285 (pbk.) 
035 |a (OCoLC)ocm28147218 
040 |a DLC  |c DLC  |d UIU  |d MLX  |d TXA  |d UtOrBLW 
043 |a n-us--- 
049 |a TXAM 
050 0 0 |a PS366.A35  |b B58 1994 
082 0 0 |a 818/.520809896073  |2 20 
245 0 0 |a Black American prose writers of the Harlem rennaissance /  |c edited and with an introduction by Harold Bloom. 
264 1 |a New York :  |b Chelsea House,  |c [1994] 
264 4 |c ©1994 
300 |a xii, 174 pages ;  |c 25 cm. 
336 |a text  |b txt  |2 rdacontent 
337 |a unmediated  |b n  |2 rdamedia 
338 |a volume  |b nc  |2 rdacarrier 
490 1 |a Writers of English 
504 |a Includes bibliographical references. 
505 0 |a Arna Bontemps -- Sterling A. Brown -- Countee Cullen -- Jessie Redmon Fauset -- Rudolph Fisher -- Langston Hughes -- Zora Neale Hurston -- Nella Larsen -- Claude McKay -- Wallace Thurman -- Jean Toomer -- Walter White -- Richard Wright. 
650 0 |a American prose literature  |x African American authors  |v Bio-bibliography. 
650 0 |a American prose literature  |x African American authors  |v Dictionaries. 
650 0 |a American prose literature  |y 20th century  |v Bio-bibliography. 
650 0 |a American prose literature  |y 20th century  |v Dictionaries. 
650 0 |a African Americans  |x Intellectual life  |v Dictionaries. 
650 0 |a African Americans in literature  |v Dictionaries. 
650 0 |a Harlem Renaissance  |v Dictionaries. 
700 1 |a Bloom, Harold. 
830 0 |a Writers of English. 
948 |a cataloged  |b h  |c 2001/6/27  |d c  |e jgreene  |f 12:53:49 pm 
994 |a E0  |b TXA 
999 |a MARS 
999 f f |s 899e3057-a973-3e93-8224-0556edc042c5  |i 0d990bf8-0cdf-3706-8c59-dd47879d25db  |t 0 
952 f f |p ric  |a Texas A&M University  |b Rellis Campus  |c Joint Library Facility  |d Remote Storage  |t 0  |e PS366.A35 B58 1994  |h Library of Congress classification  |i unmediated -- volume  |m A14827629351 
998 f f |a PS366.A35 B58 1994  |t 0  |l Remote Storage